The great deception: (Record no. 765)

MARC details
000 -LEADER
fixed length control field 01100cam a22003014a 4500
001 - CONTROL NUMBER
control field 14261118
003 - CONTROL NUMBER IDENTIFIER
control field GBCCL
005 - DATE AND TIME OF LATEST TRANSACTION
control field 20241126110345.0
008 - FIXED-LENGTH DATA ELEMENTS--GENERAL INFORMATION
fixed length control field 060210s1995 at 000 0 eng
010 ## -
-- 2006359186
040 ## - CATALOGING SOURCE
Original cataloging agency DLC
Transcribing agency DLC
042 ## -
-- pcc
050 00 -
-- BT1170
-- .A23 1995
082 ## - DEWEY DECIMAL CLASSIFICATION NUMBER
Classification number 297.283
Item number ALM
100 0# - MAIN ENTRY--PERSONAL NAME
Personal name Abd al-Masih.
9 (RLIN) 1063
245 14 - TITLE STATEMENT
Title The great deception:
Remainder of title how Muhammad tried to win the Christians for Islam : a critical study of Sura al Imran, 3:33-64 /
Statement of responsibility, etc. Abd al-Masih.
260 ## - PUBLICATION, DISTRIBUTION, ETC.
Place of publication, distribution, etc. Villach, Austria :
Name of publisher, distributor, etc. Light of Life,
Date of publication, distribution, etc. 1995 .
300 ## - PHYSICAL DESCRIPTION
Extent 179 p. ;
Dimensions 19 cm.
600 00 - SUBJECT ADDED ENTRY--PERSONAL NAME
Personal name Jesus Christ
General subdivision In the Qurʼan.
9 (RLIN) 1064
600 00 - SUBJECT ADDED ENTRY--PERSONAL NAME
Personal name Jesus Christ
General subdivision Islamic interpretations.
9 (RLIN) 329
630 00 - SUBJECT ADDED ENTRY--UNIFORM TITLE
Uniform title Qurʼān.
Name of part/section of a work Sūrat Āl ʻImrān
General subdivision Criticism, interpretation, etc.
9 (RLIN) 1065
650 #0 - SUBJECT ADDED ENTRY--TOPICAL TERM
Topical term or geographic name entry element Islam
General subdivision Controversial literature.
9 (RLIN) 1066
650 #0 - SUBJECT ADDED ENTRY--TOPICAL TERM
Topical term or geographic name entry element Islam
General subdivision Relations
-- Christianity.
9 (RLIN) 1067
650 #0 - SUBJECT ADDED ENTRY--TOPICAL TERM
Topical term or geographic name entry element Christianity and other religions
General subdivision Islam.
9 (RLIN) 1068
906 ## - LOCAL DATA ELEMENT F, LDF (RLIN)
a 7
b cbc
c orignew
d 3
e ncip
f 20
g y-gencatlg
942 ## - ADDED ENTRY ELEMENTS (KOHA)
Source of classification or shelving scheme Dewey Decimal Classification
Koha item type Books
Koha issues (borrowed), all copies 3
Holdings
Withdrawn status Lost status Source of classification or shelving scheme Damaged status Not for loan Home library Current Library Shelving location Date acquired Total checkouts Full call number Barcode Date last seen Date last checked out Copy number Price effective from Koha item type
    Dewey Decimal Classification     GRACE BIBLE COLLEGE GRACE BIBLE COLLEGE Philosophy and Religion 2017-03-15 6 297.283 ALM 005651 2026-02-16 2026-02-09 c.1 2017-03-15 Books
© Grace Bible College Library 2025